History Quiz

Random History or Century Quiz

Greek Sculpture: The Sixth Century Quiz Stats

 Plays Quiz not verified by Sporcle

Also try: Ancient Egypt A-Z
Challenge
Share
Tweet
Embed
Score 0/12 Timer 07:00
0 Plays Today
Statue Date % Correct
Peplos Kore530
100%
Anavysos kouros530
90%
New York Kouros600
80%
Berlin Kore570
70%
Tyrannicides (original)510
60%
Temple of Aphaia; West Pediment500-490
60%
Head of Hera from Olympia6thC
60%
Phrasiklea6thC
60%
Brother and Sister stele530
50%
Piraeus Apollo530-510
50%
Aristodikos500
50%
Small bronze kouros from Olympiaearly 6thC
50%

You're not logged in!

Compare scores with friends on all Sporcle quizzes.
Join for Free
OR
Log In

You Might Also Like...

Show Comments

Extras

Created Jun 16, 2012ReportNominate
Tags:Century Quiz, date, Greek, sculpture, sixth

Top Quizzes Today


Score Distribution

Your Account Isn't Verified!

In order to create a playlist on Sporcle, you need to verify the email address you used during registration. Go to your Sporcle Settings to finish the process.

Report this User

Report this user for behavior that violates our Community Guidelines.

Details: